Витязь в тигровой шкуре: поэма; пер. с груз.

Bibliografiska uppgifter
Huvudupphovsman: Руставели Ш. Шота
Övriga upphovsmän: Жгенти Б. (автор предисловия), Кобуладзе С. (иллюстратор), Заболоцкий Н. А. Николай Алексеевич
Språk:ryska
Publicerad: Москва, Детская литература, 1983
Upplaga:Переизд.
Ämnen:
Materialtyp: Bok
KOHA link:https://koha.lib.tpu.ru/cgi-bin/koha/opac-detail.pl?biblionumber=148491

MARC

LEADER 00000nam0a2200000 4500
001 148491
005 20231101221352.0
020 |a RU  |b 83-7523 
035 |a (RuTPU)RU\TPU\book\160987 
090 |a 148491 
100 |a 20081203d1983 de y0rusy5003 ca 
101 1 |a rus  |c gex 
102 |a RU 
105 |a a z 000ay 
200 1 |a Витязь в тигровой шкуре  |e поэма  |e пер. с груз.  |f Ш. Руставели  |g авт. предисл. Б. Жгенти ; худож. С. Кобуладзе ; пер. с груз. Н. А. Заболоцкий 
205 |a Переизд. 
210 |a Москва  |c Детская литература  |d 1983 
215 |a 217, [6] с.  |c ил. 
606 1 |a Грузинская литература  |2 stltpush  |3 (RuTPU)RU\TPU\subj\8671  |9 36034 
610 1 |a поэзия 
610 1 |a поэмы 
675 |a 894.631  |v 3 
700 1 |a Руставели  |b Ш.  |c грузинский поэт  |c мыслитель-гуманист  |f 12 век  |g Шота  |2 stltpush  |3 (RuTPU)RU\TPU\pers\13066  |9 3766 
702 1 |a Жгенти  |b Б.  |4 080 
702 1 |a Кобуладзе  |b С.  |4 440 
702 1 |a Заболоцкий  |b Н. А.  |c русский поэт, переводчик  |f 1903-1958  |g Николай Алексеевич  |2 stltpush  |3 (RuTPU)RU\TPU\pers\7203  |9 1348 
801 0 |a RU  |b RuMRKP  |c 19950704  |g psbo 
801 1 |a RU  |b 63413507  |c 20081203  |g PSBO 
801 2 |a RU  |b 63413507  |c 20200525  |g PSBO 
942 |c BK